Archiv für Rechts- und Sozialphilosophie

محفوظ في:

التنسيق: دورية

اللغة: Undetermined

منشور في: JSTOR
Franz Steiner Verlag

الموضوعات:

Law

الوصول للمادة أونلاين: Login to view Source

الوسوم: إضافة وسم

لا توجد وسوم, كن أول من يضع وسما على هذه التسجيلة!

رقم الطلب:

LEADER 00514nas a2200169Ia 4500
008 220214c99999999xx |||||||||||| ||und||
022 |a 0177-1094 
245 0 0 |a Archiv für Rechts- und Sozialphilosophie 
264 1 |b JSTOR 
264 1 |b Franz Steiner Verlag 
362 0 |a Vol. 27(1933)-49 (1963) 
653 1 0 |a Law 
653 1 0 |a Philosophy 
856 4 0 |u https://www.jstor.org/journal/archrechsozi 
942 |c JL 
952 |0 0  |1 0  |4 0  |7 1  |9 34002  |a JSR  |b JSR  |d 2022-02-14  |l 0  |r 2022-02-14 00:00:00  |w 2022-02-14  |y JL 
999 |c 42335  |d 42335